|
|
|
|
| LEADER |
00000nam a22000007a 4500 |
| 005 |
20190412121750.0 |
| 007 |
cr|||| |||| |
| 008 |
190412s2017 mx |||||s|||| 00||0 spa d |
| 020 |
|
|
|a 978-607-8156-71-9
|
| 035 |
|
|
|a 23130
|
| 040 |
|
|
|a vLex
|
| 090 |
|
|
|c 8607
|d 8607
|
| 100 |
1 |
|
|a Vz̀quez Azuara, Carlos Antonio
|
| 245 |
1 |
2 |
|a La prueba digital
|h [Recurso electrn̤ico] /
|c Carlos Antonio Vz̀quez Azuara
|
| 256 |
|
|
|a Servicio en ln̕ea
|
| 260 |
|
|
|a Veracruz:
|b Universidad de Xalapa,
|c 2017
|
| 300 |
|
|
|a 1 recurso electrn̤ico
|
| 506 |
1 |
|
|a Disponible solo en los productos indicados
|d vLex Global
|d vLex Global (Academic Edition, excluding Law Schools)
|d vLex Global (U.S. Academic Edition, Law Schools)
|d vLex Global (U.S. Academic Edition, excluding Law Schools)
|d vLex Global (Academic Edition, Law Schools)
|
| 650 |
0 |
4 |
|a Derecho Penal
|z Mx̌ico
|
| 740 |
0 |
|
|a vLex Libros (Servicio en ln̕ea)
|
| 856 |
4 |
0 |
|u http://vlex.com/source/prueba-digital-23130
|z Acceso restringido
|
| 942 |
|
|
|c BOOK
|
| 999 |
0 |
|
|a Criminal law
|